Movie Image Match Quiz Stats

 Plays Quiz Updated Nov 11, 2018

     
Support Sporcle.
Go Orange.
Score 0/12 Timer 06:00
2 Plays Today
Question Answer Wrong Answers
The Shining The Shining
92.2%
Children of the Corn
2.6%
The Sixth Sense
2.1%
The Omen (1976)
3.1%
Silence of the Lambs Silence of the Lambs
69.3%
Zodiac
7%
No Country for Old Men
6.5%
American Psycho
13.2%
Platoon Platoon
64.3%
Full Metal Jacket
5.9%
Apocalypse Now
23.1%
Windtalkers
5.1%
The Maltese Falcon The Maltese Falcon
58.3%
Casablanca
16.5%
Double Indemnity
12%
The Third Man
10.9%
2001: A Space Odyssey 2001: A Space Odyssey
49.8%
Ben-Hur
32.2%
Forbidden Planet
8.7%
King Kong (2005)
8.6%
All the President's Men All the President's Men
46.6%
Gone in 60 Seconds
17.5%
Fast Five
10.3%
Terminator II
21.8%
Bullitt Bullitt
46.5%
The French Connection
23.2%
Police Academy
9.4%
Shaft
15.8%
The Natural The Natural
42.4%
Rookie of the Year
17.2%
Field of Dreams
19.8%
Bull Durham
16.4%
Unforgiven Unforgiven
41.7%
True Grit (2010)
15.6%
3:10 to Yuma (2007)
13.5%
Shane
26.3%
On the Waterfront On the Waterfront
35.5%
12 Angry Men
25.2%
A Streetcar Named Desire
20%
Raging Bull
14.3%
Lawrence of Arabia Lawrence of Arabia
32.4%
The English Patient
10.4%
Star Wars
24.6%
Mad Max 2: The Road Warrior
29.6%
All About Eve All About Eve
32.3%
The Philadelphia Story
24.8%
Sunset Blvd
17.7%
Bringing Up Baby
19.6%

From the Vault

'Somewhere Only We Know' Lyrics

by MovieGuru

Music 7m
The lyrics are also somewhere only we know. But you'll know too, after you finish the quiz.
Remove Ads.
Support Sporcle.
Get the best of Sporcle when you Go Orange. This ad-free experience offers more features, more stats, and more fun while also helping to support Sporcle. Thank you for becoming a member.

Show Comments

Extras

Top Quizzes Today


Score Distribution

Your Account Isn't Verified!

In order to create a playlist on Sporcle, you need to verify the email address you used during registration. Go to your Sporcle Settings to finish the process.

Report this User

Report this user for behavior that violates our Community Guidelines.

Details: